LIBRARY & INFORMATION CENTRE, KCAET, TAVANUR

ONLINE PUBLIC ACCESS CATALOGUE (OPAC)

Shigley's Mechanical engineering Design (Record no. 13648)

MARC details
000 -LEADER
fixed length control field 00384nam a22001457a 4500
020 ## - INTERNATIONAL STANDARD BOOK NUMBER
ISBN 9780070668614
082 ## - DEWEY DECIMAL CLASSIFICATION NUMBER
Classification number 621.815
Item number BUD/SH
100 ## - MAIN ENTRY--AUTHOR NAME
Personal name Budynas, Richard G
245 ## - TITLE STATEMENT
Title Shigley's Mechanical engineering Design
250 ## - EDITION STATEMENT
Edition statement 8th Indian
260 ## - PUBLICATION, DISTRIBUTION, ETC. (IMPRINT)
Place of publication New Delhi
Name of publisher Tata McGraw Hill Education Private Limited
Year of publication 2008
300 ## - PHYSICAL DESCRIPTION
Number of Pages 1056
700 ## - ADDED ENTRY--PERSONAL NAME
Personal name Nisbett, Keith J
942 ## - ADDED ENTRY ELEMENTS (KOHA)
Koha item type Books
Holdings
Withdrawn status Lost status Damaged status Collection code Home library Current library Shelving location Date acquired Source of acquisition Cost, normal purchase price Full call number Accession Number Koha item type
      Non-fiction KAUAET KAUAET General Stacks 31/03/2012 Current Books, Thrissur 575.00 621.815 BUD/SH 22488 Books
        KAUAET KAUAET   29/05/2018     621.815 BUD/SH BB 390 Book Bank scheme for SC students
        KAUAET KAUAET   29/05/2018   699.00 621.815 BUD/SH BB 389 Book Bank scheme for SC students
free website counter